000 00328nam a22001337a 4500
082 _a338.16 HAN
100 _aOntario, Ottawa
245 _aA handbook on appropriate technology
250 _a3rd
260 _bCanadian hunger foundation
_c1983
300 _bill
650 _aA handbook on appropriate technology
942 _cBK
999 _c16518
_d16518